Vigésimo aniversario /
Musical del grupo "Les Luthiers" realizado en la televisión española con motivo del vigésimo aniversario de su creación.
Guardado en:
| Autor Principal: | |
|---|---|
| Formato: | |
| Materias: | |
| Etiquetas: |
Agregar Etiqueta
Sin Etiquetas, Sea el primero en etiquetar este registro!
|
| LEADER | 00771ngm a22002175g 4500 | ||
|---|---|---|---|
| 001 | CEM.cems021916 | ||
| 008 | 130507b1993##################0###0#####d | ||
| 005 | 20240919170349.0 | ||
| 245 | 1 | 0 | |a Vigésimo aniversario / |c Les Luthiers |
| 300 | |a 61'. | ||
| 500 | |a En soporte VHS, consultar en ventanilla. | ||
| 520 | |a Musical del grupo "Les Luthiers" realizado en la televisión española con motivo del vigésimo aniversario de su creación. | ||
| 538 | |a Soporte: VHS - Norma: Pal N - Color - Grabación DRD 1993 - Hitachi=0000 | ||
| 100 | 1 | |a Les Luthiers | |
| 082 | 7 | 9 | |/ LUT |
| 653 | |a MUSICA | ||
| 653 | |a TEATROS | ||
| 653 | |a ESPECTACULOS | ||
| 653 | |a LES LUTHIERS | ||
| 653 | |a LUTHIERS, LES | ||
| 859 | |a CEMS |b BIB. CEMS - Depto. Recursos Didacticos |h 790 |i LUT |k DRD |p 559.12 |t Ej.1 | ||
